<The> New Basel Capital Accord - BASEL II

Význam a vývoj kapitálovej primeranosti. Vznik Bazilejského výboru pre bankový dohľad a jeho ciele. Basel Capital Accord (BCA, Basel I, 1988) - prvý medzinárodný dokument pre regulatórne meranie finančných rizík, konkrétne úverového rizika a dokument o pokrytí tohto rizika kapitálom. Najdôležitejší...

Description complète

Enregistré dans:
Détails bibliographiques
Auteur principal: Kováčová, Monika
Format: Chapitre de livre
Langue:slovaque
Sujets:
Tags: Ajouter un tag
Pas de tags, Soyez le premier à ajouter un tag!

MARC

LEADER 00000nla$a2200000$$$4500
001 0026179
005 20231121075931.0
041 0 |a slo 
044 |a SK 
245 1 0 |a <The> New Basel Capital Accord - BASEL II  |c Monika Kováčová 
520 |a Význam a vývoj kapitálovej primeranosti. Vznik Bazilejského výboru pre bankový dohľad a jeho ciele. Basel Capital Accord (BCA, Basel I, 1988) - prvý medzinárodný dokument pre regulatórne meranie finančných rizík, konkrétne úverového rizika a dokument o pokrytí tohto rizika kapitálom. Najdôležitejší publikovaný dodatok k BCA - dodatok z roku 1996, ktorý sa zaoberá riadením trhového rizika. V roku 2003 publikovaný dokument novej kapitálovej dohody - New Basel Capital Accord (NBCA, Basel II, 2003). Tri piliere NBCA: minimálne kapitálové požiadavky, postup orgánov bankového dohľadu, trhová disciplína. 
610 2 0 |a primeranosť kapitálová 
610 2 0 |a banky 
610 2 0 |a bankovníctvo 
610 2 0 |a riziko bankové 
610 2 0 |a riziko operačné 
610 2 0 |a riziko úverové 
610 2 0 |a dohľad bankový 
610 2 0 |a história 
610 2 0 |a Bazilej I 
610 2 0 |a Bazilej II 
610 2 0 |a Bazilejský výbor pre bankový dohľad 
100 1 |a Kováčová, Monika